Liczby po Islandzku - Statystyki

Ogólne statystyki
  • Ten quiz został rozwiązany 64 razy
  • Średni wynik to 4 z 40
Statystyki odpowiedzi
Liczby Po Islandzku % Poprawnych
0 núll
67%
6 sex
67%
7 sjö
33%
3 þrír
33%
2 tveir
33%
1 einn
25%
8 átta
17%
4 fjórir
17%
9 níu
17%
10 tíu
17%
12 tólf
17%
11 ellefu
8%
5 fimm
8%
15 fimmtán
8%
1000000000 milljarð
8%
1000000 milljón
8%
30 þrjátíu
8%
20 tuttugu
8%
18 átján
0%
800 átta hundruð
0%
80 áttatíu
0%
500 fimm hundruð
0%
50 fimmtíu
0%
400 fjögur hundrað
0%
14 fjórtán
0%
40 fjörutíu
0%
100 hundrað
0%
19 nítján
0%
900 níu hundruð
0%
90 níutíu
0%
17 sautján
0%
600 sex hundruð
0%
16 sextán
0%
60 sextíu
0%
700 sjö hundruð
0%
70 sjötíu
0%
13 þrettán
0%
300 þrjú hundruð
0%
1000 þúsund
0%
200 tvö hundruð
0%
Nie znaleziono quizów pasujących do podanych kryteriów
Rozkład punktacji
Procent ludzi z każdym wynikiem
Percentyl według liczby udzielonych odpowiedzi
Twoja historia wyników
Nie rozwiązałeś tego quizu